000 00982nas a2200337 4500
001 BR2010001636
003 BR-BrBNA
005 20231205114003.0
007 ta
008 230509b bl.|||p| |||| 00| 00por d
040 _aBR-BrBNA
_bpor
_cBiblioteca Nacional de Agricultura
041 _a(Pt)
072 _aL72; Q03
100 1 _aKuana, S.L.
100 1 _aSantos, L.R. dos
100 1 _aRodrigues, L.B.
100 1 _aBorsoi, A.
100 1 _aSalle, C.T.P.
100 1 _aMoraes, H.L. de S.
100 1 _aNascimento, V.P. do
245 1 _aCampylobacter em humanos e sua relação com animais de produção
650 _aFRANGO DE CORTE
650 _aCARCAÇA
650 _aDOENÇA ANIMAL
650 _aBACTÉRIA
650 _aCONTAMINAÇÃO
650 _aRIO GRANDE DO SUL
773 0 _tHigiene Alimentar (Brazil)
_xISSN 0101-9171
_g(Nov-Dec 2009), v. 23(178-179) p. 80-84
_wBR2010001636
909 _a202311
_bLúcia
_c55
_dLúcia Elande
942 _2AGRIS
_n0
_cANA
999 _c206593
_d206593